[Event "20th EUR-ch"]
[Site "Skopje MKD"]
[Date "2019.03.20"]
[Round "3"]
[White "Anton Guijarro, David"]
[Black "Sivuk, Vitaly"]
[Result "1/2-1/2"]
[WhiteElo "2643"]
[BlackElo "2514"]
[EventDate "2019.03.18"]
[Board "29"]
[PlyCount "81"]

1.c4 c6 2.Nf3 Nf6 3.Nc3 d5 4.e3 a6 5.d4 Bf5 6.Bd3 Bg6 7.O-O e6 8.Qe2 Nbd7 
9.e4 dxe4 10.Nxe4 Nxe4 11.Bxe4 Bxe4 12.Qxe4 Nf6 13.Qe2 Be7 14.Bf4 O-O 15.
Rfd1 Re8 16.b3 Qa5 17.Rd3 Rad8 18.Re3 Bd6 19.Bxd6 Rxd6 20.Re5 Qc7 21.h3 
Red8 22.b4 h6 23.Rb1 Nd7 24.Re4 Nf6 25.Re3 R6d7 26.a4 Rd6 27.Reb3 R6d7 28.
Re3 Rd6 29.c5 R6d7 30.b5 axb5 31.axb5 Nd5 32.Reb3 Nf4 33.Qe4 Ng6 34.bxc6 
Qxc6 35.Qe3 Qd5 36.Rb5 Re7 37.Qb3 Qxb3 38.R5xb3 Rdd7 39.h4 f6 40.g3 h5 41.
Re3 1/2-1/2

[Event "20th EUR-ch"]
[Site "Skopje MKD"]
[Date "2019.03.20"]
[Round "3"]
[White "Demidov, Mikhail"]
[Black "Zviagintsev, Vadim"]
[Result "0-1"]
[WhiteElo "2520"]
[BlackElo "2642"]
[EventDate "2019.03.18"]
[Board "30"]
[PlyCount "74"]

1.d4 d5 2.c4 e6 3.Nc3 Nf6 4.cxd5 exd5 5.Bg5 c6 6.e3 Be7 7.Bd3 O-O 8.Qc2 
Re8 9.Nge2 g6 10.h3 Nbd7 11.Bf4 Nf8 12.O-O-O a5 13.a4 Ne6 14.Be5 Nd7 15.
Bh2 Nb8 16.g4 Na6 17.Bxa6 Rxa6 18.f4 b5 19.f5 Ng5 20.h4 Nf3 21.fxg6 fxg6 
22.h5 g5 23.axb5 cxb5 24.Nxb5 Nxh2 25.Rxh2 Bxg4 26.Rg1 Qd7 27.Nbc3 a4 28.
Nf4 a3 29.bxa3 Bxa3+ 30.Kd2 gxf4 31.Rhg2 fxe3+ 32.Ke1 Bb4 33.Rxg4+ Kh8 34.
Rg7 Bxc3+ 35.Qxc3 Qf5 36.R7g2 Qb1+ 37.Ke2 Ra2+ 0-1

[Event "20th EUR-ch"]
[Site "Skopje MKD"]
[Date "2019.03.20"]
[Round "3"]
[White "Alexeev, Evgeny"]
[Black "Sanal, Vahap"]
[Result "1-0"]
[WhiteElo "2640"]
[BlackElo "2511"]
[EventDate "2019.03.18"]
[Board "31"]
[PlyCount "107"]

1.d4 Nf6 2.c4 e6 3.Nf3 d5 4.e3 c6 5.b3 Nbd7 6.Bd3 Bd6 7.Bb2 Ne4 8.O-O Qc7 
9.Qc2 f5 10.Ba3 O-O 11.Rc1 Rf6 12.Bxd6 Qxd6 13.Qb2 Rh6 14.Qa3 Qxa3 15.Nxa3
b6 16.Nc2 Bb7 17.Nce1 Re8 18.b4 Rf6 19.a4 Kf8 20.a5 dxc4 21.Bxc4 e5 22.
axb6 axb6 23.Ra7 Nd6 24.Ng5 Rh6 25.Nf7 Nxf7 26.Rxb7 Rd6 27.Bxf7 Kxf7 28.
Nf3 Kf6 29.dxe5+ Nxe5 30.Nxe5 Rxe5 31.Rxb6 Ree6 32.g3 g6 33.Kg2 Kf7 34.Rc2
h5 35.h4 Ke7 36.Kf3 Kf6 37.Ra2 Kf7 38.Ra7+ Kf6 39.Rbb7 Rd2 40.Ra6 Rb2 41.
Raa7 Rd6 42.Rf7+ Ke5 43.Rab7 Kd5 44.Rfc7 Ke5 45.Re7+ Kd5 46.Rb6 Kc4 47.Rc7
Kd5 48.Rc8 Re6 49.Ra8 Rd6 50.Raa6 Rb3 51.Kf4 Re6 52.Ra5+ Kc4 53.Rc5+ Kd3 
54.Kf3 1-0

[Event "20th EUR-ch"]
[Site "Skopje MKD"]
[Date "2019.03.20"]
[Round "3"]
[White "Zanan, Evgeny"]
[Black "Yilmaz, Mustafa"]
[Result "0-1"]
[WhiteElo "2514"]
[BlackElo "2636"]
[EventDate "2019.03.18"]
[Board "32"]
[PlyCount "58"]

1.e4 c5 2.Nf3 d6 3.d4 cxd4 4.Nxd4 Nf6 5.Nc3 a6 6.Be3 e5 7.Nb3 Be6 8.f3 h5 
9.Nd5 Bxd5 10.exd5 Nbd7 11.Qd2 g6 12.O-O-O Nb6 13.Kb1 Nfxd5 14.Bf2 Nf6 15.
Qe1 Be7 16.g3 Qc7 17.Bd3 Rc8 18.f4 Nc4 19.Nd2 b5 20.h3 O-O 21.f5 d5 22.
Bxc4 bxc4 23.Nf3 Bd6 24.g4 Rb8 25.gxh5 Ne4 26.Qe3 Bc5 27.Qh6 Rxb2+ 28.Kxb2
Rb8+ 29.Ka1 Qa5 0-1

[Event "20th EUR-ch"]
[Site "Skopje MKD"]
[Date "2019.03.20"]
[Round "3"]
[White "Lysyi, Igor"]
[Black "Mirzoev, Emil"]
[Result "1-0"]
[WhiteElo "2635"]
[BlackElo "2511"]
[EventDate "2019.03.18"]
[Board "33"]
[PlyCount "75"]

1.d4 Nf6 2.c4 g6 3.Nc3 Bg7 4.e4 O-O 5.Nf3 d6 6.Be2 Na6 7.O-O e5 8.Be3 Ng4 
9.Bg5 Qe8 10.Re1 exd4 11.Nxd4 Qe5 12.Nf3 Qc5 13.Bh4 Be6 14.Rc1 Bxc4 15.Nd5
Bxe2 16.Qxe2 Qa5 17.h3 Ne5 18.Nf6+ Kh8 19.Nxe5 dxe5 20.a3 Rad8 21.Nd5 Rxd5
22.exd5 Qxd5 23.Red1 Qb3 24.Bg5 f5 25.Rd7 e4 26.Qe3 Qxe3 27.Bxe3 Bxb2 28.
Rb1 Be5 29.Rxb7 Kg8 30.Bxa7 Rf7 31.Rd8+ Kg7 32.Rd5 Bc3 33.g3 Kf6 34.Be3 
Ke6 35.Rd8 Rd7 36.Rxd7 Kxd7 37.Ra7 Nb8 38.Bf4 1-0

[Event "20th EUR-ch"]
[Site "Skopje MKD"]
[Date "2019.03.20"]
[Round "3"]
[White "Gledura, Benjamin"]
[Black "Demuth, Adrien"]
[Result "1-0"]
[WhiteElo "2630"]
[BlackElo "2510"]
[EventDate "2019.03.18"]
[Board "34"]
[PlyCount "55"]

1.Nf3 f5 2.g3 Nf6 3.Bg2 g6 4.O-O Bg7 5.d4 O-O 6.b3 d6 7.Bb2 c6 8.c4 Na6 9.
Nbd2 e5 10.dxe5 Nd7 11.Ba3 Nxe5 12.Nxe5 Bxe5 13.Nf3 Bxa1 14.Qxa1 Nc5 15.
Rd1 Qe7 16.Qd4 Ne4 17.Nd2 Nc5 18.b4 Qxe2 19.Nf3 Ne6 20.Qa1 f4 21.g4 Qxc4 
22.Rxd6 Ng7 23.Bf1 Qe4 24.Ne5 Re8 25.Bc4+ Kh8 26.Bb2 Be6 27.Bxe6 Nxe6 28.
Nd7+ 1-0

[Event "20th EUR-ch"]
[Site "Skopje MKD"]
[Date "2019.03.20"]
[Round "3"]
[White "Movsesian, Sergei"]
[Black "Keymer, Vincent"]
[Result "1/2-1/2"]
[WhiteElo "2627"]
[BlackElo "2509"]
[EventDate "2019.03.18"]
[Board "35"]
[PlyCount "38"]

1.e4 c5 2.Nf3 d6 3.Bb5+ Nd7 4.a4 Nf6 5.Nc3 a6 6.Bc4 b6 7.O-O Bb7 8.Ng5 e6 
9.Bxe6 fxe6 10.Nxe6 Qc8 11.f4 g6 12.Qe2 Be7 13.e5 dxe5 14.fxe5 Nh5 15.Qxh5
gxh5 16.Ng7+ Kd8 17.Ne6+ Ke8 18.Ng7+ Kd8 19.Ne6+ Ke8 1/2-1/2

[Event "20th EUR-ch"]
[Site "Skopje MKD"]
[Date "2019.03.20"]
[Round "3"]
[White "Quparadze, Giga"]
[Black "Onischuk, Volodymyr"]
[Result "1-0"]
[WhiteElo "2501"]
[BlackElo "2626"]
[EventDate "2019.03.18"]
[Board "36"]
[PlyCount "123"]

1.e4 d6 2.d4 g6 3.Nc3 Bg7 4.f4 Nf6 5.Nf3 O-O 6.Bd3 Na6 7.O-O c5 8.d5 Rb8 
9.a4 Nc7 10.Bc4 a6 11.a5 Nb5 12.Bxb5 axb5 13.e5 Ne8 14.Nxb5 Ra8 15.Bd2 
dxe5 16.Nxe5 Qxd5 17.Be3 Qe4 18.Qd3 Qxd3 19.cxd3 Bf5 20.Rfd1 Nf6 21.Bxc5 
Nd5 22.g3 Rfc8 23.b4 g5 24.Nd4 Bg6 25.Ne2 gxf4 26.Nxf4 Nxb4 27.Nexg6 Rxc5 
28.Nxe7+ Kf8 29.Rab1 Bd4+ 30.Kh1 Nc2 31.Ned5 Ra7 32.Rdc1 Raxa5 33.Rf1 Kg8 
34.Rxb7 Ra1 35.Rxa1 Bxa1 36.Nh5 h6 37.Nhf4 Bd4 38.Rb8+ Kh7 39.Re8 Ra5 40.
Kg2 Ra1 41.Re2 Ne1+ 42.Kh3 Nf3 43.Kg4 Rf1 44.Re7 Kg8 45.h4 Ne5+ 46.Kh5 
Nxd3 47.Kxh6 Bg7+ 48.Kg5 Ne5 49.Kh5 Ng6 50.Re8+ Kh7 51.Nh3 Be5 52.Ne3 Rf6 
53.Ng5+ Kg7 54.Kg4 Bd6 55.Nf5+ Rxf5 56.Kxf5 Bxg3 57.h5 Ne5 58.Ne4 Nc4 59.
Kg5 Be5 60.h6+ Kh7 61.Kh5 f6 62.Re7+ 1-0

[Event "20th EUR-ch"]
[Site "Skopje MKD"]
[Date "2019.03.20"]
[Round "3"]
[White "Blagojevic, Dragisa"]
[Black "Sarana, Alexei"]
[Result "1/2-1/2"]
[WhiteElo "2498"]
[BlackElo "2625"]
[EventDate "2019.03.18"]
[Board "37"]
[PlyCount "28"]

1.d4 Nf6 2.c4 e6 3.Nf3 d5 4.g3 Bb4+ 5.Bd2 Bd6 6.Qc2 O-O 7.Bg2 Nbd7 8.O-O 
b6 9.cxd5 exd5 10.Nc3 Bb7 11.Nb5 Ne4 12.Nxd6 cxd6 13.Rfc1 Ndf6 14.Bg5 Nxg5
1/2-1/2

[Event "20th EUR-ch"]
[Site "Skopje MKD"]
[Date "2019.03.20"]
[Round "3"]
[White "Jobava, Baadur"]
[Black "Ivic, Velimir"]
[Result "1/2-1/2"]
[WhiteElo "2622"]
[BlackElo "2487"]
[EventDate "2019.03.18"]
[Board "38"]
[PlyCount "90"]

1.e4 c5 2.Nc3 d6 3.f4 g6 4.Nf3 Bg7 5.Bb5+ Bd7 6.O-O Bxb5 7.Nxb5 Nh6 8.d3 
Qd7 9.Nc3 Nc6 10.Kh1 f5 11.Be3 O-O 12.Qd2 Ng4 13.Bg1 Bh6 14.Ne2 e5 15.exf5
exf4 16.fxg6 hxg6 17.d4 Ne3 18.Bxe3 fxe3 19.Qd3 Qf5 20.Qb3+ Qf7 21.c3 Qxb3
22.axb3 cxd4 23.Nexd4 Nxd4 24.Nxd4 Rf2 25.Rxf2 exf2 26.g4 Re8 27.Rf1 Be3 
28.Ne2 Kg7 29.Kg2 Bc5 30.Nc1 a5 31.Nd3 Bb6 32.Rd1 Re2 33.Kf1 Rc2 34.h4 Be3
35.Kg2 b5 36.h5 gxh5 37.gxh5 Kh6 38.Kf3 Bb6 39.Kg4 d5 40.Nxf2 Rxf2 41.Rxd5
Bc7 42.Rxb5 Rxb2 43.Rc5 Bh2 44.Rxa5 Rxb3 45.Ra6+ Kh7 1/2-1/2

[Event "20th EUR-ch"]
[Site "Skopje MKD"]
[Date "2019.03.20"]
[Round "3"]
[White "Van Foreest, Jorden"]
[Black "Sargsian, Shant"]
[Result "1/2-1/2"]
[WhiteElo "2621"]
[BlackElo "2488"]
[EventDate "2019.03.18"]
[Board "39"]
[PlyCount "60"]

1.e4 e5 2.Nf3 Nc6 3.d4 exd4 4.Nxd4 Nf6 5.Nxc6 bxc6 6.e5 Qe7 7.Qe2 Nd5 8.c4
Ba6 9.b3 g6 10.f4 d6 11.Qf2 Nf6 12.Be2 dxe5 13.O-O Qc5 14.Be3 Ne4 15.Bxc5 
Bxc5 16.Qxc5 Nxc5 17.fxe5 O-O 18.Nc3 Rfe8 19.Bf3 Bb7 20.Rae1 Nd3 21.Re3 
Nxe5 22.Ne4 Nxf3+ 23.Rfxf3 Rxe4 24.Rxe4 c5 25.Re5 Bxf3 26.gxf3 Rd8 27.Rxc5
Rd1+ 28.Kf2 Rd2+ 29.Kg3 Rxa2 30.Rxc7 a5 1/2-1/2

[Event "20th EUR-ch"]
[Site "Skopje MKD"]
[Date "2019.03.20"]
[Round "3"]
[White "Postny, Evgeny"]
[Black "Plenca, Jadranko"]
[Result "1/2-1/2"]
[WhiteElo "2619"]
[BlackElo "2487"]
[EventDate "2019.03.18"]
[Board "40"]
[PlyCount "77"]

1.d4 d5 2.c4 e6 3.Nc3 Be7 4.Nf3 Nf6 5.Bg5 Nbd7 6.e3 O-O 7.Rc1 h6 8.Bh4 b6 
9.cxd5 exd5 10.Bd3 Bb7 11.O-O Ne4 12.Bxe7 Qxe7 13.Qb3 c6 14.Qc2 c5 15.dxc5
Ndxc5 16.Rfd1 Rac8 17.Bf1 Rfd8 18.Nb5 a6 19.Nbd4 Qf6 20.Qe2 Ne6 21.Qe1 g5 
22.Bd3 Nd6 23.Rxc8 Rxc8 24.h3 Nc5 25.Bb1 Re8 26.Nh2 Bc8 27.Qe2 Nce4 28.Rc1
Bd7 29.Bxe4 Nxe4 30.Ng4 Qd6 31.Nh2 b5 32.Nhf3 f5 33.Nd2 f4 34.Nxe4 Rxe4 
35.Qf3 Qe5 36.Qh5 Qd6 37.Qf3 Qe5 38.Qh5 Qd6 39.Qf3 1/2-1/2

[Event "20th EUR-ch"]
[Site "Skopje MKD"]
[Date "2019.03.20"]
[Round "3"]
[White "Smirin, Ilia"]
[Black "Jurcik, Marian"]
[Result "1-0"]
[WhiteElo "2618"]
[BlackElo "2474"]
[EventDate "2019.03.18"]
[Board "41"]
[PlyCount "75"]

1.e4 c5 2.Nf3 e6 3.d4 cxd4 4.Nxd4 Nc6 5.Nc3 Qc7 6.g3 a6 7.Bg2 Nf6 8.O-O 
Bc5 9.Nxc6 dxc6 10.Na4 Ba7 11.c4 Nd7 12.b4 O-O 13.c5 a5 14.a3 b6 15.cxb6 
Nxb6 16.Nc5 Nd7 17.Be3 Nxc5 18.bxc5 e5 19.Qc2 Be6 20.Rfd1 Rfd8 21.Bf1 h6 
22.Kg2 Qe7 23.Rac1 Rd7 24.Rxd7 Qxd7 25.Rd1 Qc8 26.Bc4 Bxc4 27.Qxc4 Bb8 28.
Qa4 Ra6 29.Bd2 Bc7 30.Bc3 Qe6 31.Rb1 Ra7 32.h3 f6 33.h4 h5 34.Bd2 Qa2 35.
Rd1 Qe6 36.Rb1 Qa2 37.Qd1 Qxa3 38.Qc2 1-0

[Event "20th EUR-ch"]
[Site "Skopje MKD"]
[Date "2019.03.20"]
[Round "3"]
[White "Studer, Noel"]
[Black "Pashikian, Arman"]
[Result "1-0"]
[WhiteElo "2479"]
[BlackElo "2616"]
[EventDate "2019.03.18"]
[Board "42"]
[PlyCount "101"]

1.d4 Nf6 2.c4 e6 3.Nf3 d5 4.g3 Bb4+ 5.Bd2 Be7 6.Bg2 O-O 7.O-O Nbd7 8.Qc2 
c6 9.Bf4 b6 10.Rd1 Ba6 11.b3 Rc8 12.a4 Bb4 13.Ne5 Nxe5 14.Bxe5 Nd7 15.Bf4 
Qe7 16.Nc3 dxc4 17.bxc4 Bxc4 18.Ne4 Ba6 19.Rab1 Rfd8 20.h4 h6 21.Bf3 f5 
22.Nc3 Nf6 23.Be5 Nd5 24.Na2 Bd6 25.e4 fxe4 26.Bxe4 c5 27.Bxd6 Qxd6 28.
dxc5 Qxc5 29.Qb2 Nf6 30.Bg2 Bc4 31.Rxd8+ Rxd8 32.Nb4 Nd5 33.Rd1 Rf8 34.Nd3
Qa5 35.Ne5 Nc3 36.Re1 Nxa4 37.Qa1 Bb3 38.Re3 Qb4 39.Nc6 Qc4 40.Ne7+ Kf7 
41.Rf3+ Ke8 42.Qxg7 Qc1+ 43.Kh2 Rxf3 44.Bxf3 Qb2 45.Bc6+ Kd8 46.Qf7 Kc7 
47.Bg2 Kd6 48.Qf8 Kd7 49.Ng6 Bd5 50.Qe7+ Kc6 51.Qxe6+ 1-0

[Event "20th EUR-ch"]
[Site "Skopje MKD"]
[Date "2019.03.20"]
[Round "3"]
[White "Livaic, Leon"]
[Black "Oparin, Grigory"]
[Result "1/2-1/2"]
[WhiteElo "2477"]
[BlackElo "2613"]
[EventDate "2019.03.18"]
[Board "43"]
[PlyCount "89"]

1.d4 Nf6 2.c4 e6 3.Nf3 Bb4+ 4.Bd2 a5 5.g3 d5 6.Bg2 O-O 7.O-O c6 8.Qc2 Be7 
9.Rc1 Nbd7 10.Bg5 h6 11.Bxf6 Bxf6 12.Nbd2 e5 13.cxd5 cxd5 14.dxe5 Nxe5 15.
Nxe5 Bxe5 16.Nf3 Bf6 17.Rd1 Qb6 18.Rd2 Be6 19.e3 Rfc8 20.Qb3 Qxb3 21.axb3 
a4 22.bxa4 Rxa4 23.Rad1 Rb4 24.Ne1 Rxb2 25.Rxb2 Bxb2 26.Nd3 Bf6 27.Nf4 Bg4
28.f3 Be6 29.Nxd5 Bd8 30.Bf1 Kf8 31.e4 Ba5 32.Rb1 Bxd5 33.exd5 Rc7 34.d6 
Rd7 35.Rd1 Bb4 36.Bb5 Rxd6 37.Rxd6 Bxd6 38.Kf2 Ke7 39.Ke3 Bc5+ 40.Ke4 Bg1 
41.h3 Bf2 42.g4 Kd6 43.Bc4 f6 44.Bb3 Kc5 45.Kd3 1/2-1/2

[Event "20th EUR-ch"]
[Site "Skopje MKD"]
[Date "2019.03.20"]
[Round "3"]
[White "Erdos, Viktor"]
[Black "Gumularz, Szymon"]
[Result "1-0"]
[WhiteElo "2612"]
[BlackElo "2473"]
[EventDate "2019.03.18"]
[Board "44"]
[PlyCount "77"]

1.d4 Nf6 2.c4 e6 3.Nf3 d5 4.g3 Be7 5.Bg2 O-O 6.O-O dxc4 7.Qc2 a6 8.a4 Bd7 
9.Rd1 Bc6 10.Bg5 b5 11.Bxf6 Bxf6 12.Nc3 Qe8 13.d5 exd5 14.Nd4 b4 15.Nxd5 
Bxd5 16.Bxd5 c6 17.Bg2 c3 18.bxc3 bxc3 19.Qxc3 Ra7 20.Rab1 Qc8 21.Qc5 Rc7 
22.Nf5 g6 23.Qd6 Nd7 24.Ne3 Be5 25.Qd3 Bg7 26.Qc2 Ne5 27.h3 Re8 28.Rb3 h5 
29.f4 Nd7 30.Nc4 Re7 31.e4 Nf6 32.Nd6 Qe6 33.Rb8+ Kh7 34.e5 Nd5 35.Ne4 f6 
36.Qf2 Bh6 37.Rxd5 cxd5 38.Nxf6+ Kg7 39.Bxd5 1-0

[Event "20th EUR-ch"]
[Site "Skopje MKD"]
[Date "2019.03.20"]
[Round "3"]
[White "Lodici, Lorenzo"]
[Black "Romanov, Evgeny"]
[Result "0-1"]
[WhiteElo "2474"]
[BlackElo "2612"]
[EventDate "2019.03.18"]
[Board "45"]
[PlyCount "54"]

1.d4 Nf6 2.c4 e6 3.g3 Bb4+ 4.Bd2 a5 5.Bg2 d6 6.e3 O-O 7.Ne2 e5 8.O-O Bxd2 
9.Nxd2 Re8 10.Qc2 exd4 11.Nxd4 Nbd7 12.Nb1 Ne5 13.Nc3 c5 14.Ndb5 Nxc4 15.
Qd3 d5 16.Nxd5 Ne5 17.Nxf6+ Qxf6 18.Qd6 Be6 19.Nc7 Red8 20.Qxc5 Rac8 21.
Bxb7 Nf3+ 22.Kg2 Ng5 23.Qxa5 Bh3+ 24.Kh1 Rb8 25.Bd5 Rxb2 26.f4 Bxf1 27.
Rxf1 Qf5 0-1

[Event "20th EUR-ch"]
[Site "Skopje MKD"]
[Date "2019.03.20"]
[Round "3"]
[White "Lupulescu, Constantin"]
[Black "Pavlov, Sergey"]
[Result "1/2-1/2"]
[WhiteElo "2611"]
[BlackElo "2471"]
[EventDate "2019.03.18"]
[Board "46"]
[PlyCount "66"]

1.d4 Nf6 2.c4 e6 3.Nc3 Bb4 4.Qc2 c5 5.dxc5 Qc7 6.a3 Bxc5 7.Nf3 a6 8.Bg5 
Be7 9.e4 d6 10.Be2 Nbd7 11.O-O b6 12.Rac1 Bb7 13.b4 Rc8 14.Qb1 Qb8 15.Nd2 
O-O 16.Be3 Rfe8 17.f4 Bf8 18.Bf3 g6 19.Qd3 Bg7 20.g4 h6 21.h4 h5 22.g5 Ng4
23.Bxg4 hxg4 24.Ne2 d5 25.e5 Red8 26.Bd4 a5 27.Qg3 axb4 28.axb4 dxc4 29.
Qxg4 b5 30.h5 gxh5 31.Qxh5 Nf8 32.Nf3 Be4 33.Kf2 Qb7 1/2-1/2

[Event "20th EUR-ch"]
[Site "Skopje MKD"]
[Date "2019.03.20"]
[Round "3"]
[White "Schreiner, Peter"]
[Black "Pantsulaia, Levan"]
[Result "0-1"]
[WhiteElo "2471"]
[BlackElo "2611"]
[EventDate "2019.03.18"]
[Board "47"]
[PlyCount "100"]

1.Nf3 Nf6 2.c4 g6 3.g3 Bg7 4.Bg2 O-O 5.O-O c5 6.d4 d6 7.Nc3 Nc6 8.dxc5 
dxc5 9.Be3 Qa5 10.Nd5 Bf5 11.Bd2 Qd8 12.Bc3 Be4 13.Nh4 Bxg2 14.Nxg2 Qc8 
15.Ngf4 Rd8 16.Bxf6 Bxf6 17.Nxf6+ exf6 18.Nd5 Kg7 19.e3 Ne5 20.b3 Qh3 21.
Qe2 b5 22.f4 Ng4 23.Rfe1 Rab8 24.Rab1 bxc4 25.bxc4 Re8 26.Rb3 Rxb3 27.axb3
Rb8 28.Qg2 Qxg2+ 29.Kxg2 Rxb3 30.h3 Rb2+ 31.Kf3 Nh2+ 32.Ke4 f5+ 33.Kd3 a5 
34.Re2 Rxe2 35.Kxe2 a4 36.Kf2 a3 37.Nc3 h5 38.Kg2 Ng4 39.hxg4 fxg4 40.Kf2 
f5 41.Ke2 Kh6 42.Kd2 h4 43.Kc2 Kh5 44.Kb3 hxg3 45.Kxa3 Kh4 46.Ka4 Kh3 47.
Kb5 Kg2 48.e4 Kf3 49.e5 g2 50.e6 g1=Q 0-1

[Event "20th EUR-ch"]
[Site "Skopje MKD"]
[Date "2019.03.20"]
[Round "3"]
[White "Predke, Alexander"]
[Black "Tutisani, Noe"]
[Result "1-0"]
[WhiteElo "2611"]
[BlackElo "2467"]
[EventDate "2019.03.18"]
[Board "48"]
[PlyCount "153"]

1.g3 g6 2.Bg2 Bg7 3.d4 d5 4.Nf3 Nf6 5.O-O O-O 6.c4 c6 7.Qa4 Nfd7 8.Qc2 Nb6
9.c5 N6d7 10.Bf4 Na6 11.Nc3 h6 12.Rad1 g5 13.Bc1 f5 14.h4 g4 15.Ne1 e5 16.
dxe5 Qe7 17.Nd3 Kh7 18.Na4 Nxe5 19.Bf4 Re8 20.Nxe5 Bxe5 21.Bxe5 Qxe5 22.e3
Re7 23.a3 Bd7 24.Nc3 Nc7 25.Ne2 Ne8 26.Nf4 Nf6 27.Rd4 Ne4 28.Rb4 Be8 29.
Bxe4 fxe4 30.Qb3 Rb8 31.Rc1 Qf6 32.a4 Qg7 33.Rc2 h5 34.Rc3 Kh6 35.Qc2 Qf6 
36.Rd4 a5 37.Rb3 Kh7 38.Rb6 Qf7 39.Qc3 Ra8 40.Rd1 Qg7 41.Rd4 Qe5 42.Kf1 
Ra7 43.Ke1 Bf7 44.Kd2 Re8 45.Kc2 Rea8 46.Rd2 Qe7 47.Kb1 Ra6 48.Rxa6 Rxa6 
49.Rc2 Ra8 50.Qd4 Be8 51.Rc3 Rd8 52.Ne2 Qg7 53.Kc1 Rd7 54.Kd2 Rf7 55.Qxg7+
Kxg7 56.Ke1 Kf6 57.Nd4 Ke5 58.Nb3 b6 59.cxb6 Rb7 60.Nxa5 Rxb6 61.b4 Rxb4 
62.Nxc6+ Bxc6 63.Rxc6 Rb1+ 64.Kd2 Rb2+ 65.Rc2 Rb3 66.Ra2 d4 67.exd4+ Kxd4 
68.a5 Rf3 69.Ke1 e3 70.a6 exf2+ 71.Kf1 Rf8 72.a7 Ra8 73.Kxf2 Kd3 74.Ke1 
Re8+ 75.Kd1 Ra8 76.Ra3+ Kd4 77.Ke2 1-0

[Event "20th EUR-ch"]
[Site "Skopje MKD"]
[Date "2019.03.20"]
[Round "3"]
[White "Gavrilescu, David"]
[Black "Bindrich, Falko"]
[Result "1/2-1/2"]
[WhiteElo "2467"]
[BlackElo "2610"]
[EventDate "2019.03.18"]
[Board "49"]
[PlyCount "42"]

1.e4 e5 2.Nf3 Nc6 3.Bb5 a6 4.Ba4 Nf6 5.O-O Be7 6.Re1 b5 7.Bb3 d6 8.c3 O-O 
9.h3 Na5 10.Bc2 c5 11.d4 Qc7 12.d5 Nc4 13.b3 Nb6 14.a4 Ne8 15.Qe2 Bd7 16.
Nbd2 g6 17.Nf1 Ng7 18.Bh6 Rab8 19.g4 Nc8 20.Ng3 bxa4 21.bxa4 Qa5 1/2-1/2

[Event "20th EUR-ch"]
[Site "Skopje MKD"]
[Date "2019.03.20"]
[Round "3"]
[White "Deac, Bogdan-Daniel"]
[Black "Petriashvili, Nikoloz"]
[Result "1-0"]
[WhiteElo "2609"]
[BlackElo "2465"]
[EventDate "2019.03.18"]
[Board "50"]
[PlyCount "123"]

1.e4 c5 2.Nf3 d6 3.d4 cxd4 4.Nxd4 Nf6 5.Nc3 a6 6.h4 e5 7.Nb3 Be7 8.Bg5 Be6
9.Bxf6 Bxf6 10.g3 O-O 11.Qd2 Nc6 12.Nd5 Nd4 13.Nxf6+ Qxf6 14.Nxd4 exd4 15.
O-O-O Bg4 16.Be2 Bxe2 17.Qxe2 Rac8 18.f4 Rfe8 19.Rhe1 Qg6 20.Qf3 Rc4 21.
Re2 h5 22.Kb1 Qg4 23.Qd3 b5 24.Rde1 Rc7 25.a3 g6 26.f5 Re5 27.fxg6 Qxg6 
28.Qxd4 Rce7 29.Re3 Qe6 30.Rd1 Rd7 31.Rdd3 Kh7 32.Qb6 d5 33.Qxe6 Rxe6 34.
exd5 Rxe3 35.Rxe3 Rxd5 36.Rd3 Re5 37.b3 Kg6 38.c4 bxc4 39.bxc4 Re4 40.Rc3 
Kf6 41.Kc2 Ke6 42.Kb3 f5 43.Rf3 a5 44.c5 a4+ 45.Kc3 Rg4 46.Rd3 f4 47.gxf4 
Rxh4 48.c6 Rh1 49.Kb4 Rc1 50.Kb5 h4 51.Rd8 Rc3 52.Rh8 Rxa3 53.Rxh4 Kd6 54.
Rh6+ Kc7 55.Rh7+ Kc8 56.f5 Rf3 57.Ra7 a3 58.f6 Kb8 59.c7+ Kc8 60.f7 Rf5+ 
61.Kc6 Rf6+ 62.Kd5 1-0

[Event "20th EUR-ch"]
[Site "Skopje MKD"]
[Date "2019.03.20"]
[Round "3"]
[White "Moussard, Jules"]
[Black "Yankelevich, Lev"]
[Result "1-0"]
[WhiteElo "2601"]
[BlackElo "2462"]
[EventDate "2019.03.18"]
[Board "51"]
[PlyCount "93"]

1.c4 g6 2.g3 Bg7 3.Bg2 e5 4.Nc3 f5 5.d3 Nf6 6.Nf3 d6 7.O-O O-O 8.Rb1 a5 9.
a3 Na6 10.b4 axb4 11.axb4 c6 12.b5 Nc5 13.Be3 Ne6 14.bxc6 bxc6 15.Qc1 Qc7 
16.Re1 Ra6 17.Ng5 Nd4 18.Bxd4 exd4 19.Nd1 Re8 20.Nf3 Nd7 21.e3 Ne5 22.Nxe5
Rxe5 23.e4 fxe4 24.Bxe4 Bd7 25.f4 Re8 26.Nf2 Ra2 27.Qd1 Qa5 28.Qf3 Kh8 29.
Red1 Qc7 30.Ra1 Rxa1 31.Rxa1 Qb6 32.h4 Qc5 33.Rb1 Rd8 34.Rb7 Be8 35.Qg4 d5
36.cxd5 cxd5 37.Qg5 Qd6 38.Bxd5 Qxd5 39.Qxd5 Rxd5 40.Rb8 Kg8 41.Rxe8+ Kf7 
42.Ra8 Rd7 43.Kg2 Rb7 44.Ne4 Rb3 45.Ng5+ Kf6 46.Ra6+ Kf5 47.Ra5+ 1-0

[Event "20th EUR-ch"]
[Site "Skopje MKD"]
[Date "2019.03.20"]
[Round "3"]
[White "Costachi, Mihnea"]
[Black "Solak, Dragan"]
[Result "1/2-1/2"]
[WhiteElo "2466"]
[BlackElo "2601"]
[EventDate "2019.03.18"]
[Board "52"]
[PlyCount "94"]

1.d4 d5 2.c4 c6 3.cxd5 cxd5 4.Bf4 Nc6 5.e3 Nf6 6.Nc3 Bf5 7.Qb3 Na5 8.Qa4+ 
Bd7 9.Qc2 e6 10.Nf3 Rc8 11.Bd3 Be7 12.h3 b5 13.a3 a6 14.O-O O-O 15.Ne5 Bc6
16.g4 Bb7 17.f3 Nc4 18.Rac1 h6 19.Qf2 Nd7 20.Nxc4 dxc4 21.Bb1 Re8 22.Rcd1 
Nf8 23.e4 Bh4 24.Qe2 Qd7 25.Be3 a5 26.e5 b4 27.axb4 axb4 28.Ne4 Be7 29.Rc1
Bd5 30.Kh2 Qb7 31.Bd2 Red8 32.f4 Bc6 33.f5 Rxd4 34.f6 gxf6 35.Nxf6+ Bxf6 
36.Rxf6 Be4 37.Qf2 Qd5 38.Bxb4 Bxb1 39.Rxf7 Ng6 40.Rxb1 Qxe5+ 41.Kh1 Rd3 
42.Kg2 Qe4+ 43.Kh2 Qe5+ 44.Kg2 Nh4+ 45.Qxh4 Kxf7 46.Rf1+ Kg6 47.Bc3 Rxc3 
1/2-1/2

[Event "20th EUR-ch"]
[Site "Skopje MKD"]
[Date "2019.03.20"]
[Round "3"]
[White "Antipov, Mikhail"]
[Black "Kevlishvili, Robby"]
[Result "1-0"]
[WhiteElo "2594"]
[BlackElo "2461"]
[EventDate "2019.03.18"]
[Board "53"]
[PlyCount "93"]

1.d4 d5 2.c4 c6 3.Nf3 Nf6 4.e3 Bf5 5.Nc3 e6 6.Nh4 Be4 7.f3 Bg6 8.Qb3 Qc7 
9.Bd2 Be7 10.g3 O-O 11.Nxg6 hxg6 12.Rc1 dxc4 13.Bxc4 Nbd7 14.O-O e5 15.
dxe5 Nxe5 16.Be2 Rad8 17.Nb1 Ned7 18.Kg2 Nc5 19.Qc2 Ne6 20.Rcd1 Qb6 21.Bc4
Nd5 22.e4 Ne3+ 23.Bxe3 Qxe3 24.Bxe6 fxe6 25.Nd2 Qe2+ 26.Rf2 Qd3 27.Rc1 Bg5
28.f4 Bf6 29.Nf3 Qxc2 30.Rcxc2 Rd3 31.e5 Be7 32.Rfd2 Rfd8 33.h4 Kf7 34.
Rxd3 Rxd3 35.Rd2 Rd5 36.Kf2 Bb4 37.Rxd5 exd5 38.g4 c5 39.Ke3 Ba5 40.f5 b5 
41.Ng5+ Ke7 42.fxg6 c4 43.h5 Bb6+ 44.Kd2 Kf8 45.Nf7 d4 46.g5 Ba5+ 47.Kd1 
1-0

[Event "20th EUR-ch"]
[Site "Skopje MKD"]
[Date "2019.03.20"]
[Round "3"]
[White "Caspi, Israel"]
[Black "Huschenbeth, Niclas"]
[Result "1/2-1/2"]
[WhiteElo "2461"]
[BlackElo "2594"]
[EventDate "2019.03.18"]
[Board "54"]
[PlyCount "70"]

1.e4 c5 2.Nf3 d6 3.d4 cxd4 4.Nxd4 Nf6 5.Nc3 a6 6.Be3 e5 7.Nb3 Be7 8.f3 Be6
9.Qd2 O-O 10.O-O-O Nbd7 11.g4 b5 12.g5 Nh5 13.Nd5 Bxd5 14.exd5 f6 15.h4 
Ng3 16.Rg1 Nxf1 17.Rdxf1 a5 18.Qd3 f5 19.Qxb5 Qc7 20.Qa4 Nb6 21.Bxb6 Qxb6 
22.Kb1 Qb7 23.Rd1 Bd8 24.Rge1 Bb6 25.Nd2 Rfc8 26.Nc4 Bc5 27.c3 Bb4 28.Qb3 
a4 29.Nxd6 axb3 30.Nxb7 Rxa2 31.Re3 Rca8 32.Kc1 Ba3 33.bxa3 R8xa3 34.d6 
Rc2+ 35.Kb1 Raa2 1/2-1/2

[Event "20th EUR-ch"]
[Site "Skopje MKD"]
[Date "2019.03.20"]
[Round "3"]
[White "Petrov, Nikita"]
[Black "Kalezic, Blazo"]
[Result "1-0"]
[WhiteElo "2591"]
[BlackElo "2460"]
[EventDate "2019.03.18"]
[Board "55"]
[PlyCount "81"]

1.e4 e6 2.d4 d5 3.Nd2 Nf6 4.e5 Nfd7 5.c3 c5 6.f4 Nc6 7.Ndf3 cxd4 8.cxd4 
Bb4+ 9.Kf2 f6 10.g3 fxe5 11.fxe5 O-O 12.Kg2 Qb6 13.Bd3 Nxd4 14.Nxd4 Nxe5 
15.Bf4 Nxd3 16.Qxd3 Bd6 17.Ngf3 Bxf4 18.gxf4 Rxf4 19.Rhe1 Bd7 20.Kh1 Raf8 
21.Rad1 R8f6 22.Rd2 Be8 23.Ne5 Qb4 24.a3 Qb6 25.Qc3 Rf8 26.Rg1 g6 27.Re1 
Qa6 28.Rde2 Qb6 29.Rd2 Qa6 30.Qd3 Qb6 31.h3 Qd6 32.Kg2 Qb6 33.Qc3 h5 34.
Re3 Qa6 35.Rf3 Qd6 36.Rxf4 Rxf4 37.Re2 Qe7 38.Nef3 Re4 39.Qd3 Rxe2+ 40.
Qxe2 g5 41.Qe5 1-0

[Event "20th EUR-ch"]
[Site "Skopje MKD"]
[Date "2019.03.20"]
[Round "3"]
[White "Can, Emre"]
[Black "Blohberger, Felix"]
[Result "1-0"]
[WhiteElo "2586"]
[BlackElo "2459"]
[EventDate "2019.03.18"]
[Board "56"]
[PlyCount "57"]

1.d4 Nf6 2.c4 e6 3.Nf3 d5 4.Nc3 Bb4 5.Qb3 a5 6.Bg5 c6 7.e3 Nbd7 8.Bd3 O-O 
9.O-O h6 10.Bh4 Be7 11.Rad1 a4 12.Qc2 Qa5 13.a3 Re8 14.Rfe1 b6 15.cxd5 
exd5 16.e4 dxe4 17.Bxe4 Bb7 18.Bf5 Nf8 19.Re5 c5 20.d5 g5 21.Bg3 Bd6 22.
Rxe8 Nxe8 23.Ne5 b5 24.Ne4 Qb6 25.Nxd6 Nxd6 26.Ng4 Nxf5 27.Qxf5 Qg6 28.Qe5
Nh7 29.d6 1-0